01012nam a2200265 i 450000100060000000300090000600500170001500700030003200800410003502000180007608000220009424501190011626000380023530000340027349000410030750400200034865100590036870000310042770000410045870000370049983000490053685200220058599900170060795201220062447467ES-MaACL20230906161553.0t|030428s2002 sp |||| | spa j a84-8432-366-8 a338.1(460)"09/19"00aHistoria económica de España b: siglos X-XX / cFrancisco Comín, Mauro Hernández y Enrique LLopis (eds.). aBarcelona : bCrítica, c[2002] a509 p. : bgráf. ; c23 cm.1 aCrítica/historia del mundo moderno aBibliografía. 4aEspaña-xSituación económica-vHistoria.91569491 aComín, Francisco.9400081 aHernández Benítez, Mauro.9628891 aLlopis Agelán, Enrique.9728360 aCrítica/historia del mundo moderno9180564 aES-MaACLjL-26254 c47467d47467 00104070aATENEOMbATENEOMcDEPO2d2008-01-17eSCl0oL-26254p1049941r2023-02-23 00:00:00w2023-02-23yMONOGRAFIA